000
00310nam a2200097Ia 4500
008
171204s9999 xx 000 0 und d
245
_a
How Can Physics Underlie the Mind?: Top-Down Causation in the Human Context
260
_c
2016
650
_x
Physics
856
_u
http://down.ebook777.com/045/9783662498071.pdf
999
_c
345576
_d
345576